| Поле | Инд. | ПП | Название | Значение |
|---|---|---|---|---|
| Тип записи | a | |||
| Библиографический уровень | m | |||
| 001 | Контрольный номер | f5efa458a70c47b0935e3203ab7f1a1c | ||
| 005 | Дата корректировки | 20260605104048.0 | ||
| 040 | a | Служба первич. каталог. | 10013504 | |
| b | Код языка каталог. | rus | ||
| e | Правила каталог. | PSBO | ||
| 041 | 0_ | a | Код языка текста | rus |
| 084 | a | Индекс другой классификации/Индекс ББК | доп. | |
| 090 | a | Полочн. индекс | А18 | |
| x | Авторский знак | С 605 | ||
| r | Идентификатор организации | 10013504 | ||
| 100 | 1_ | a | Автор | Соломоненко А.А. |
| 245 | 10 | a | Заглавие | Исследование влияния конструктивных параметров на динамическую устойчивость корпуса летательного аппарата |
| b | Продолж. заглавия | автореферат диссертации ... кандидата технических наук : специальность 05.211 - Конструкция и проектирование летательных аппаратов | ||
| c | Ответственность | науч. рук. В.Л. Агамиров; Военно-воздушная инженерная академия им.Н.Е.Жуковского | ||
| 260 | a | Место издания | Москва | |
| c | Дата издания | 1971 | ||
| 300 | a | Объем | 14 с. | |
| b | Иллюстрации/ тип воспроизводства | ил. | ||
| 653 | 0_ | a | Ключевые слова | АВТОРЕФЕРАТЫ |
| 700 | 12 | a | Другие авторы | Агамиров В.Л. |
| e | Роль лиц | Научный руководитель | ||
| 901 | t | Тип документа | r | |
| 952 | a | Тип литературы для КСУ ВШ | БАНР | |
| d | Специальность | 05.211 Конструкция и проектирование летательных аппаратов | ||
| c | Вид литературы | автореферат |